| 000 | 01115nam a2200265 a 4500 | ||
|---|---|---|---|
| 001 | 000017948 | ||
| 005 | 20250129073605.0 | ||
| 008 | 100407s1989 dr 000 0 spa d | ||
| 040 |
_aDO-SdBNP _bspa _cBNPHU |
||
| 082 |
_a972.93 _bP349e |
||
| 100 | 1 |
_aPeña Batlle, Manuel Arturo, _d1902-1954 _922838 |
|
| 245 | 1 | 0 |
_aEnsayos históricos / _cManuel Arturo Peña Batlle; compilación, prólogo y presentación Juan Daniel Balcácer. |
| 260 |
_aSanto Domingo : _bTaller _bFundación Peña Batlle, _c1989. |
||
| 300 |
_a393 p. ; _c23 cm. |
||
| 490 | 1 |
_aObras _v1 |
|
| 500 | _aIncluye índice de nombres, materias y lugares. | ||
| 500 | _aIncluye datos biográficos del autor en las solapaa de la cubierta. | ||
| 500 | _aIncluye referencias bibliográfícas y notas al pie de las páginas y al final de capítulos. | ||
| 650 | 4 |
_aRepública dominicana _xHistoria _vENSAYOS, CONFERENCIAS, ETC. _926122 |
|
| 650 | 0 |
_aEnsayos dominicanos _965 |
|
| 650 | 0 |
_aLiteratura dominicana. _967 |
|
| 700 | 1 |
_aBalcácer, Juan Daniel, _d1949- _ecomp. _96566 |
|
| 830 | 0 |
_aObras _n1 _938921 |
|
| 910 | _aValidado. Control de calidad EMS | ||
| 999 |
_c17472 _d17472 |
||